[Event "11th dMP Batavia 2019"]
[Site "Amsterdam"]
[Date "2019.03.08"]
[Round "7"]
[White "Kuipers, Stefan"]
[Black "Meissner, Felix"]
[Result "0-1"]
[WhiteElo "2455"]
[BlackElo "2397"]
[Annotator "TA"]
[PlyCount "122"]
[EventDate "2019.03.01"]
[EventType "tourn"]
[EventCountry "NED"]
[SourceTitle "playchess.com"]
[Source "ChessBase"]
[SourceQuality "1"]

{[%evp 9,122,60,35,52,69,45,86,10,0,-2,29,43,64,64,65,65,66,65,71,59,65,57,67,37,101,0,0,0,0,3,8,22,32,-8,-13,-15,70,-187,-179,-225,-241,-433,-404,-449,-441,-436,-439,-439,-426,-516,-496,-461,-261,-478,-333,-289,-249,-3029,-2255,-29983,-29983,-29983,-29984,-2030,-766,-29982,-29983,-29983,-29984,-29984,-29985,-29985,-29986,-2003,-829,-723,-678,-636,-620,-1208,-1165,-1367,-1367,-1295,-1203,-1206,-1119,-5384,-624,-613,-486,-453,-437,-1137,-1135,-29945,-4726,-1451,-492,-479,-333,-327,-320,-29952,-29953,-6107,-7069,-29951,-1379,-5302,-5210,-29986,-29987,-29986,-29987]} 1. e4 g6 2. d4 Bg7 3. Nc3 d6 4. Be3 a6 5. Qd2 Nd7 6. h4 {B06: Modern Defence} h6 7. h5 (7. O-O-O b5 8. Kb1 Bb7 9. f3 Ngf6 10. Nge2 b4 11. Na4 a5 12. Ng3 h5 13. b3 Bc6 {1-0 (60) Fedorchuk,S (2648)-Almasi,Z (2682) Riadh 2017}) 7... g5 $1 8. f4 (8. a3 $16) 8... gxf4 $11 9. Bxf4 b5 10. O-O-O Nb6 11. Nf3 Nf6 12. e5 Nfd5 $146 13. Nxd5 Nxd5 14. Bd3 Be6 15. Nh4 Qd7 16. g4 b4 (16... Bxg4 $14 17. Be4 c6 18. Bxd5 cxd5) 17. Bf5 ({Better is} 17. Nf5 $16 Bf8 18. Qg2) 17... Qa4 $1 {[%cal Ra4a2]} 18. Bxe6 fxe6 19. Kb1 {And now exd6 would win.} Rb8 20. Ka1 {Ng6 is the strong threat.} Rb5 {Strongly threatening ...Nc3!} 21. Rh3 ({Not} 21. b3 $2 Qa3 $19) 21... Ra5 $40 {[%csl Ga5][%cal Ra4a2][%mdl 128] Black has some attack.} 22. a3 $1 Kd7 (22... Nxf4 $11 23. Qxf4 Qxc2) 23. Bh2 $2 {[%mdl 8192]} (23. Ng6 $14 {was forced to keep a grip.} Rb8 24. Rf3 (24. Bxh6 Bxh6 25. Qxh6 Qxc2 $11)) 23... Rb8 $19 24. Ng6 Qc6 ({Inferior is} 24... bxa3 25. b3 $16) 25. Qc1 $2 {[#]} (25. Bg3 Nc3 26. Be1) 25... Nc3 $1 {[%mdl 512]} 26. Rdd3 (26. bxc3 Rxa3+) 26... Qd5 {[%csl Gc3][%cal Rd5a2]} 27. Rxc3 bxc3 28. Rxc3 Qxd4 29. Bf4 Rab5 30. Qh1 {White wants to mate with Qc6+.} Rd5 (30... c5 $142 31. Be3 Qd5 32. Qxd5 exd5) 31. Qh4 $2 (31. Qc1 {is a better defense.}) 31... Qg1+ 32. Ka2 {[#]} Bf6 $1 {[%mdl 512]} 33. exf6 $2 {[#]} (33. Qg3 Qxg3 34. Rxg3) 33... Rd1 $1 {[%csl Gg1][%cal Rd1a1]} 34. b4 Ra1+ 35. Kb3 Qb1+ 36. Kc4 {[#]} Qf1+ (36... Rxa3 $142 $1 {[%mdl 512]} 37. Rxa3 Qxc2+ 38. Kd4 Rxb4+ 39. Ke3 Qe4+ 40. Kf2 Rb2+ 41. Bd2 Rxd2+ 42. Kg3 Qg2+ 43. Kf4 Rd4+ 44. Ke3 Re4+ 45. Kd3 Qe2+ 46. Kc3 Rc4+ 47. Kb3 Qc2#) 37. Kb3 a5 38. Ne5+ dxe5 39. Rd3+ Kc6 40. Bxe5 Qb1+ 41. Kc3 Rxa3+ (41... Qc1 $142 42. Kd4 Rd8+ 43. Ke4 Qxc2) 42. Kd2 Rxd3+ 43. cxd3 Qxb4+ {[%mdl 4096] Endgame KQR-KQB} 44. Ke2 {If only White now had time for f7....} exf6 45. Bxf6 Rg8 46. Qh1+ Kd7 47. g5 Qg4+ 48. Ke3 Qg3+ (48... Rxg5 $142 49. Bxg5 Qxg5+ 50. Kd4 Qd2) 49. Ke2 Rxg5 50. Bxg5 Qxg5 {KQ-KQ} ({Weaker is} 50... hxg5 51. h6 $11) 51. Qf3 (51. Qe4 $142 Qxh5+ 52. Ke1) 51... Qf5 52. Qh1 Qg4+ (52... Qe5+ $142 53. Kf2 Qb2+ 54. Kg3 a4 55. Qd1 a3 56. Qa4+ Kd8 57. Qa8+ Ke7 58. Qa7 Kd8 59. Qa8+ Kd7 60. Qa4+ c6 61. Qa7+ Kd6 62. Qa8 Kc7 63. Qa7+ Kd6 64. Qa8 Ke7 65. Qa7+ Kd6) 53. Kd2 Qf4+ (53... Qb4+ $142 54. Kc2 a4) 54. Kc2 a4 {[%cal Ba5a4,Ba4a3,Ba3a2][%mdl 32]} 55. Qg1 Kd6 56. Qa7 $2 (56. Qg8 $19) 56... Qb4 57. Qa8 Qb3+ 58. Kd2 Kd7 (58... a3 $142 59. Qf8+ Kc6 60. Qf3+ Qd5 61. Qf6 Qa5+ 62. Kc2 a2 63. Qa1 Qxh5 64. Kd2 Qc5 65. d4 Qc4 66. Qh1+ Kd7 67. Qa1 Kd6 68. Qb2 Qf1 69. Qb4+ Kd7 70. Qa4+ Ke7 71. Qa3+ Kf7 72. Qg3 a1=Q 73. Qxc7+ Kg6 74. Qg3+ Kh5 75. Qe5+ Qf5 76. Qh2+ Kg6 77. Qg3+ Qg5+ 78. Qxg5+ hxg5 79. d5 exd5 80. Kd3 g4 81. Kc2 g3 82. Kb3 g2 83. Kb4 g1=Q 84. Kb5 Qc3 85. Ka6 Qc6+ 86. Ka5 Qe1#) 59. Qf8 a3 60. Qxh6 Qb2+ 61. Kd1 a2 {Accuracy: White = 27%, Black = 55%.} 0-1

[Event "11th dMP Batavia 2019"]
[Site "Amsterdam"]
[Date "2019.03.08"]
[Round "7"]
[White "Leenhouts, Koen"]
[Black "Lahaye, Rick"]
[Result "1-0"]
[WhiteElo "2447"]
[BlackElo "2414"]
[Annotator "TA"]
[PlyCount "63"]
[EventDate "2019.03.01"]
[EventType "tourn"]
[EventCountry "NED"]
[SourceTitle "playchess.com"]
[Source "ChessBase"]
[SourceQuality "1"]

{[%evp 9,63,13,50,31,67,22,29,26,58,58,55,56,52,76,64,14,70,54,135,138,137,144,327,334,317,313,317,319,325,302,400,401,460,480,472,402,405,420,438,437,477,433,429,408,392,340,334,272,819,818,999,989,931,921,29995,29996]} 1. d4 d5 2. c4 e6 3. Nf3 c6 4. g3 Nd7 5. Bg2 a6 $146 ({Predecessor:} 5... Ngf6 6. O-O Bd6 7. Nc3 O-O 8. Nd2 Re8 9. e4 dxe4 10. Ndxe4 Bc7 11. Re1 h6 12. f4 Nxe4 13. Nxe4 Rb8 14. Be3 a5 15. Qc2 b6 16. Rad1 Bb7 {1-0 (66) Papaioannou,I (2609)-Lajthajm,B (2502) Budva 2009}) 6. O-O {D30: Queen's Gambit Declined: Systems without Nc3} dxc4 7. Qc2 b5 8. Ne5 {White has an edge.} Nxe5 9. dxe5 Bd7 10. b3 cxb3 11. axb3 Ne7 12. Bg5 Qc7 ({Black should try} 12... h6 $11 13. Bxe7 Bxe7) 13. Nc3 $14 {aiming for Nxb5.} b4 (13... Qxe5 $14 14. Bf4 Qc5) 14. Nb5 $1 $16 {[%cal Rb5c7]} Qxe5 {[#]} 15. Qd3 $1 $36 {[%mdl 2048] Keeping Black busy.} f6 $2 {[#]} (15... Nd5 $16 {was called for.} 16. Bxd5 Rc8) 16. Bf4 $1 $18 {[%cal Rf4e5]} ({Weaker is} 16. Nd6+ Qxd6 17. Qxd6 Nd5 $14) 16... Qxb5 17. Qxb5 cxb5 18. Bxa8 Nf5 19. Rxa6 Nd4 20. Be3 Nxe2+ 21. Kg2 Nc3 22. Bf3 e5 23. Ra8+ Kf7 24. Ra7 Ke8 25. Rfa1 e4 26. Bh5+ g6 27. Rb7 gxh5 28. Raa7 Nd5 $2 ({Wrong is} 28... Bc8 $2 29. Ra8 $18) (28... Kf7 29. Rxd7+ Kg6) 29. Rxd7 Nxe3+ 30. fxe3 {Threatening mate with Rdb7.} Bc5 31. Rab7 {Intending Rg7 and mate.} Bxe3 32. Rg7 {Accuracy: White = 89%, Black = 36%.} 1-0

[Event "11th dMP Batavia 2019"]
[Site "Amsterdam"]
[Date "2019.03.08"]
[Round "7"]
[White "Van der Wiel, John T.H."]
[Black "Warmerdam, Max"]
[Result "1/2-1/2"]
[WhiteElo "2391"]
[BlackElo "2448"]
[Annotator "RC"]
[PlyCount "52"]
[EventDate "2019.03.01"]
[EventType "tourn"]
[EventCountry "NED"]
[SourceTitle "playchess.com"]
[Source "ChessBase"]
[SourceQuality "1"]
[TimeControl "40/5400+30:1800+30"]

1. e4 {[%emt 0:00:00]} c5 {[%emt 0:00:00]} 2. Nf3 {[%emt 0:00:00]} d6 {[%emt 0:00:00]} 3. d4 {[%emt 0:00:00]} cxd4 {[%emt 0:00:07]} 4. Nxd4 {[%emt 0:00:06]} Nf6 {[%emt 0:00:17]} 5. Nc3 {[%emt 0:00:12]} Nc6 {[%emt 0:00:55]} 6. Bg5 {[%emt 0:01:18]} e6 {[%emt 0:00:20]} 7. Qd2 {[%emt 0:00:07]} a6 {[%emt 0:00:06]} 8. O-O-O {[%emt 0:00:11]} Bd7 {[%emt 0:00:09]} 9. f3 {[%emt 0:01:04]} b5 {[%emt 0:01:38]} 10. Nxc6 {[%emt 0:01:40]} Bxc6 {[%emt 0:00:07]} 11. Ne2 {[%emt 0:00:18]} Bb7 {[%emt 0:00:29]} 12. Kb1 {[%emt 0:01:46]} h6 {[%emt 0:16:25]} 13. Be3 {[%emt 0:01:40]} Qc7 {[%emt 0:00:25]} 14. Rg1 {[%emt 0:03:34]} Nd7 {[%emt 0:11:00]} 15. Nd4 {[%emt 0:06:30]} Ne5 {[%emt 0:22:09]} 16. b3 {[%emt 0:12:01]} Be7 {[%emt 0:15:40]} 17. Bxb5+ {[%emt 0:09:08]} axb5 {[%emt 0:00:17]} 18. Nxb5 {[%emt 0:00:07]} Qc6 {[%emt 0:14:27]} 19. Nxd6+ {[%emt 0:00:57]} Kf8 {[%emt 0:01:22]} 20. Qd4 {[%emt 0:29:58]} Ng6 {[%emt 0:05:26]} 21. Qb6 {[%emt 0:07:53]} Qxb6 {[%emt 0:02:35]} 22. Bxb6 {[%emt 0:00:08]} Bc6 {[%emt 0:00:04]} 23. Bc7 {[%emt 0:07:42]} Ra7 {[%emt 0:00:25]} 24. Bb8 {[%emt 0:00:37]} Ra8 {[%emt 0:00:05]} 25. Bc7 {[%emt 0:00:15]} Ra7 {[%emt 0:00:04]} 26. Bb8 {[%emt 0:00:10]} Ra8 {[%emt 0:00:13]} 1/2-1/2

[Event "11th dMP Batavia 2019"]
[Site "Amsterdam"]
[Date "2019.03.08"]
[Round "7"]
[White "Lopez, Jasel"]
[Black "Pijpers, Arthur"]
[Result "1/2-1/2"]
[WhiteElo "2390"]
[BlackElo "2482"]
[Annotator "TA"]
[PlyCount "79"]
[EventDate "2019.03.01"]
[EventType "tourn"]
[EventCountry "NED"]
[SourceTitle "playchess.com"]
[Source "ChessBase"]
[SourceQuality "1"]

{[%evp 36,79,37,34,86,87,93,53,104,25,8,0,62,30,68,57,75,-28,-60,-50,76,75,187,167,302,294,320,299,452,0,0,0,0,0,0,0,0,0,0,0,0,0,0,0,0,0]} 1. d4 Nf6 2. c4 g6 3. Nc3 Bg7 4. e4 d6 5. Nf3 O-O 6. Be2 e5 7. O-O Nc6 8. d5 Ne7 9. Ne1 Nd7 10. f3 f5 11. Nd3 f4 12. Bd2 g5 13. Rc1 Ng6 14. c5 Nf6 15. Nb5 Rf7 16. cxd6 cxd6 17. Qc2 Ne8 18. a4 h5 19. Nf2 a6 {E99: King's Indian: Classical Main Line: 9 Ne1 Nd7 10 f3 f5} (19... Bf8 $14) (19... Bf8 20. h3 Rg7 21. Qb3 Nh4 22. Rc2 g4 23. fxg4 Nf6 24. Be1 hxg4 25. hxg4 Nh5 26. Nh1 f3 27. Bxf3 Nf4 28. Ng3 Bxg4 29. Bxg4 Rxg4 {1-0 (40) Ivanchuk,V (2740)-Cheparinov,I (2696) Sofia 2008}) 20. Na3 $16 Nh4 21. Qb3 Bf8 $146 {White is slightly better.} ({Predecessor:} 21... g4 22. fxg4 Qg5 23. Qh3 Nf6 24. g3 Ng6 25. Rxc8+ Rxc8 26. gxh5 Ne7 27. Kh1 {1-0 (42) Ivic,M (2253)-Armanda,I (2342) Omis 2006}) 22. Rc2 ({Better is} 22. Nc4 $16 b5 23. axb5 axb5 24. Qxb5) 22... Bd7 $11 23. a5 Rb8 ({Black should play} 23... Nf6 $11) 24. Be1 Qf6 25. h3 $36 {[%mdl 2048] Black is under pressure.} Rh7 26. Bxa6 (26. Nc4 $16) 26... g4 $1 {[%cal Rg4f3]} 27. fxg4 f3 (27... hxg4 $15 {stays ahead.} 28. Nxg4 Bxg4 29. hxg4 Qh6) 28. g3 $16 {[#] Hoping for Bb5.} Ng2 (28... bxa6 $16 29. Qxb8 Ng2) 29. Bb5 $18 (29. Bxb7 h4 $11) 29... Nxe1 (29... Bxb5 $142 30. Nxb5 h4) 30. Rxe1 h4 31. Bxd7 hxg3 (31... Rxd7 {was called for.} 32. gxh4 {[%mdl 64] Overworked Piece} Qxh4 33. Qxf3 Rf7) 32. Bf5 $2 (32. Be6+ $18 Kh8 33. Re3 gxf2+ 34. Rxf2) 32... gxf2+ $11 {The position is equal.} 33. Rxf2 Rxh3 34. Rxf3 Qh4 $1 35. Be6+ Kg7 {( -> ...Rh1+)} 36. Rxh3 Qxe1+ {[%mdl 64] [#] Double Attack} 37. Kg2 Qe2+ 38. Kg3 {Threatens to win with Qc2.} Nf6 39. Bf5 $1 {Black must now prevent Qc2.} Qe1+ 40. Kg2 {Accuracy: White = 39%, Black = 42%.} 1/2-1/2

[Event "11th dMP Batavia 2019"]
[Site "Amsterdam"]
[Date "2019.03.09"]
[Round "8"]
[White "Arutinian, David"]
[Black "Kuipers, Stefan"]
[Result "1-0"]
[WhiteElo "2555"]
[BlackElo "2455"]
[Annotator "ChessBase"]
[PlyCount "65"]
[EventDate "2019.03.01"]
[EventType "tourn"]
[EventCountry "NED"]
[SourceTitle "playchess.com"]
[Source "ChessBase"]
[SourceQuality "1"]
[TimeControl "40/5400+30:1800+30"]

1. Nf3 {[%emt 1:25:27]} d5 {[%emt 1:25:27]} 2. e3 {[%emt 0:00:30]} Nf6 {[%emt 0:00:30]} 3. c4 {[%emt 0:00:30]} c6 {[%emt 0:00:30]} 4. Nc3 {[%emt 0:00:30]} e6 {[%emt 0:00:30]} 5. b3 {[%emt 0:00:30]} Bd6 {[%emt 0:00:30]} 6. Bb2 {[%emt 0:00:30]} O-O {[%emt 0:00:30]} 7. d4 {[%emt 0:00:30]} Nbd7 {[%emt 0:00:30]} 8. Bd3 {[%emt 0:00:30]} Re8 {[%emt 0:00:30]} 9. Qc2 {[%emt 0:00:30]} e5 {[%emt 0:00:30]} 10. cxd5 {[%emt 0:00:00]} cxd5 {[%emt 0:00:00]} 11. dxe5 {[%emt 0:00:00]} Nxe5 {[%emt 0:00:00]} 12. Nxe5 {[%emt 0:00:00]} Bxe5 {[%emt 0:00:00]} 13. Ne2 {[%emt 0:00:00]} d4 {[%emt 0:00:00]} 14. e4 {[%emt 0:00:00]} Qa5+ {[%emt 0:00:00]} 15. Qd2 {[%emt 0:00:00]} Qxd2+ {[%emt 0:00:00]} 16. Kxd2 {[%emt 0:00:00]} Nxe4+ {[%emt 0:00:00]} 17. Bxe4 {[%emt 0:00:00]} d3 {[%emt 0:00:00]} 18. Bxe5 {[%emt 0:00:00]} dxe2 {[%emt 0:00:00]} 19. f4 {[%emt 0:00:00]} f6 {[%emt 0:00:00]} 20. Kxe2 {[%emt 0:00:00]} Bg4+ {[%emt 0:00:00]} 21. Ke3 {[%emt 0:00:00]} Rad8 {[%emt 0:00:00]} 22. h3 {[%emt 0:00:00]} Bc8 {[%emt 0:00:00]} 23. Rhd1 {[%emt 0:00:00]} fxe5 {[%emt 0:00:00]} 24. fxe5 {[%emt 0:00:00]} Rxd1 {[%emt 0:00:00]} 25. Rxd1 {[%emt 0:00:00]} Kf7 {[%emt 0:00:00]} 26. Rc1 {[%emt 0:00:00]} Ke6 {[%emt 0:00:00]} 27. Bxh7 {[%emt 0:00:00]} Kxe5 {[%emt 0:00:00]} 28. Bg6 {[%emt 0:00:00]} Re6 {[%emt 0:00:00]} 29. Be4 {[%emt 0:00:00]} Re8 {[%emt 0:00:00]} 30. Rc5+ {[%emt 0:00:00]} Kf6 {[%emt 0:00:00]} 31. Kf3 {[%emt 0:00:00]} a6 {[%emt 0:00:00]} 32. Rc7 {[%emt 0:00:00]} b5 {[%emt 0:00:00]} 33. h4 {[%emt 0:00:00]} 1-0

[Event "11th dMP Batavia 2019"]
[Site "Amsterdam"]
[Date "2019.03.09"]
[Round "8"]
[White "Pijpers, Arthur"]
[Black "Van der Wiel, John T.H."]
[Result "1-0"]
[WhiteElo "2482"]
[BlackElo "2391"]
[Annotator "TA"]
[PlyCount "127"]
[EventDate "2019.03.01"]
[EventType "tourn"]
[EventCountry "NED"]
[SourceTitle "playchess.com"]
[Source "ChessBase"]
[SourceQuality "1"]

{[%evp 9,127,40,56,37,26,30,23,36,42,35,55,68,75,70,80,60,68,61,50,12,39,37,39,31,33,27,50,51,43,51,51,52,64,62,98,58,52,44,45,37,50,50,58,57,57,57,45,43,75,75,75,75,75,75,75,75,75,75,75,75,75,75,75,75,75,75,75,75,75,75,75,75,75,75,75,60,60,60,60,60,60,60,60,60,60,60,60,60,60,0,60,0,0,0,155,162,170,177,185,185,185,186,435,0,0,0,0,0,0,0,0,0,0,0,0,0,29990,29991,29991,29992]} 1. e4 c5 2. Nc3 Nc6 3. Nge2 e5 4. Ng3 g6 5. Bc4 h5 $146 ({Predecessor:} 5... Bg7 6. d3 d6 7. h4 h5 8. Bg5 Qd7 9. Nd5 b6 10. c3 Bb7 11. a4 f6 12. Be3 {1-0 (29) Kadric,D (2500)-Kurajica,B (2516) Sarajevo 2018}) 6. O-O {B23: Closed Sicilian: Lines without g3} h4 7. Nge2 h3 8. g3 {White has an edge.} d6 9. Nd5 Bg7 10. d3 Nh6 11. Bd2 f5 12. Ne3 f4 13. Nd5 g5 14. Nec3 Nd4 15. Nb5 Nxb5 16. Bxb5+ Kf8 17. a4 Ng4 18. Bc4 Nf6 19. a5 Rb8 20. b4 Bg4 21. f3 Be6 22. Nxf6 ({Don't play} 22. gxf4 $6 exf4 23. bxc5 (23. Nxf4 Bxc4 24. Ng6+ {[%mdl 64] Double Attack, Discovered Attack} Kg8 $11) 23... Bxd5 $14) (22. Nxf4 {looks sharper.} Bxc4 23. Ng6+ Kg8 24. Nxh8 Be6 25. Ng6) 22... Qxf6 23. Bxe6 Qxe6 24. g4 Kf7 25. c4 Rhc8 26. Qa4 Bf6 27. Rfb1 Bd8 28. Kf2 b6 29. axb6 Bxb6 {[#] Threatens to win with ...cxb4+.} 30. b5 $1 Rc7 31. Qd1 Qc8 32. Ra6 Ke6 33. Rba1 Rcb7 34. Ke2 Qc7 35. Ba5 Kf6 36. Ra2 Ke6 37. Qa1 Kf6 38. Bxb6 axb6 39. Ra8 Rxa8 40. Rxa8 $16 {[%mdl 4096] Endgame KQR-KQR} Kg7 41. Qa6 Kh7 42. Kd2 Kg7 $1 43. Kc2 Kh7 $1 44. Kb2 Kg7 $1 45. Qa1 Rb8 46. Ra7 Rb7 47. Ra6 Qb8 48. Qf1 Ra7 49. Kb3 (49. Kc3 $14) 49... Qc7 (49... Rxa6 $1 $11 50. bxa6 Qa7) 50. Qxh3 (50. Kc2 $14) 50... Rxa6 $1 $11 51. bxa6 $14 {KQ-KQ} b5 $2 {[#]} ({Better is} 51... Qa7 $11) 52. Qh5 $1 $16 {[%cal Rh5g5]} ({Weaker is} 52. cxb5 Qa5 $11) 52... Qa5 53. Qxg5+ Kf7 54. Qf5+ Ke7 55. Qh7+ Kf8 $2 (55... Kf6) 56. a7 $2 (56. Qd7 $18) 56... Qa4+ 57. Kb2 Qb4+ 58. Kc2 {[%cal Ra7a8]} Qa4+ 59. Kd2 Qa2+ 60. Ke1 Qb1+ 61. Kf2 {[%cal Ra7a8]} Qc2+ 62. Kg1 {[%cal Ra7a8]} Qd1+ $2 {[%mdl 8192]} (62... Qc1+ $11 63. Kg2 Qa1 64. cxb5 Qa2+ 65. Kh3 Ke8) 63. Kg2 {[%cal Ra7a8]} Qe2+ 64. Kh3 {Accuracy: White = 73%, Black = 62%.} 1-0

[Event "11th dMP Batavia 2019"]
[Site "Amsterdam"]
[Date "2019.03.09"]
[Round "8"]
[White "Warmerdam, Max"]
[Black "Williams, Simon K"]
[Result "1-0"]
[WhiteElo "2448"]
[BlackElo "2471"]
[Annotator "TA"]
[PlyCount "109"]
[EventDate "2019.03.01"]
[EventType "tourn"]
[EventCountry "NED"]
[SourceTitle "playchess.com"]
[Source "ChessBase"]
[SourceQuality "1"]

{[%evp 16,109,22,18,42,33,40,40,79,28,99,94,143,147,162,165,197,189,192,189,185,188,199,180,217,212,212,200,214,168,176,185,177,177,200,194,199,191,181,149,199,204,246,243,249,237,295,298,289,293,302,305,375,384,404,383,399,361,414,384,405,391,374,305,409,401,729,727,699,697,757,771,722,741,926,895,1216,1063,1043,1045,1168,1165,1104,1075,1023,793,29976,29958,29983,29984,29985,29986,29986,29985,29984,29985]} 1. e4 c5 2. Nf3 d6 3. Bb5+ Nc6 4. O-O Bd7 5. Re1 Nf6 6. c3 a6 7. Bf1 Bg4 8. d4 cxd4 9. cxd4 Bxf3 {B51: Sicilian: Moscow Variation (3 Bb5+) without 3...Bd7} 10. gxf3 e5 11. d5 Ne7 {White is slightly better.} (11... Nd4 12. Be3 Be7 13. Nd2 O-O 14. f4 Nd7 15. Bxd4 exd4 16. Nf3 {½-½ (141) Abdusattorov,N (2546)-Matlakov,M (2700) St Petersburg 2018}) 12. f4 ({Better is} 12. Be3 $16) 12... Nc8 $146 (12... Nd7 $11) ({Predecessor:} 12... exf4 13. Bxf4 Ng6 14. Bg3 Be7 15. Nc3 O-O 16. Qd4 Nd7 17. f4 {1-0 (51) Khatanbaatar,B (2375)-Uuriintuya,U (1956) Ulaanbaatar 2015}) 13. Qb3 $16 Nd7 14. Qxb7 Ra7 15. Qc6 $36 {[%mdl 2048] White is really pushing.} Be7 {[#]} 16. Be3 $1 {[%cal Re3a7]} Rc7 17. Qxa6 O-O 18. Nc3 exf4 19. Bxf4 Ne5 20. Qe2 Bg5 21. Bg3 Qf6 22. Bg2 Ne7 23. Nb5 Rb7 24. a4 Rfb8 25. Ra3 {[%cal Ba1a3,Ba3c3,Bc3c6][%mdl 32]} N7g6 26. Rc3 h5 27. Rc6 h4 28. Rxd6 Qe7 29. Bxe5 $1 Nxe5 30. Ra6 h3 31. Bxh3 Bf4 32. Bg2 Qh4 33. h3 g5 34. Rf6 Qh8 35. Rf5 f6 36. Qc2 Rg7 37. Kf1 g4 38. h4 Qh6 39. Nd4 {[#] Black must now prevent Ne6.} Rgb7 40. Rb1 Nf3 (40... Bh2 $142 41. Nc6 Rf8) 41. Bxf3 $18 gxf3 42. Nxf3 Rb3 43. Qe2 R3b4 44. a5 Re8 45. Re1 Bc1 46. Qc2 Bxb2 47. Rb1 Rbxe4 48. Qxb2 Rxh4 49. Ng1 ({Inferior is} 49. Nxh4 Qxh4 50. Kg2 (50. f4 Qh1+ 51. Kf2 Qh2+ 52. Kf3 Qh3+ {[%mdl 64] Double Attack} 53. Kf2 Qh2+ 54. Kf3 Qh3+ {[%mdl 64] Double Attack} 55. Kf2 Qh2+ $11) 50... Qg4+ 51. Kf1 Qh3+ 52. Kg1 Qg4+ 53. Kh2 Qh4+ 54. Kg2 Qg4+ 55. Kh2 Qh4+ 56. Kg2 $11) 49... Rh1 50. Qc3 ({Avoid the trap} 50. Kg2 $2 Rh2+ 51. Kf1 Qg6 $19) 50... Re7 51. Rf3 {White mates.} Rg7 52. Rg3 Qh5 53. Rb8+ Kh7 54. Rxg7+ Kxg7 55. Qg3+ {Accuracy: White = 74%, Black = 46%.} 1-0

[Event "11th dMP Batavia 2019"]
[Site "Amsterdam"]
[Date "2019.03.09"]
[Round "8"]
[White "Leenhouts, Koen"]
[Black "Lopez, Jasel"]
[Result "1/2-1/2"]
[WhiteElo "2447"]
[BlackElo "2390"]
[Annotator "TA"]
[PlyCount "134"]
[EventDate "2019.03.01"]
[EventType "tourn"]
[EventCountry "NED"]
[SourceTitle "playchess.com"]
[Source "ChessBase"]
[SourceQuality "1"]

{[%evp 16,134,-36,-28,-20,-30,0,0,0,0,11,22,48,47,55,56,50,45,37,39,70,62,83,80,85,83,89,85,81,62,85,75,101,101,101,101,101,97,105,98,98,72,70,62,68,60,113,122,134,133,124,113,124,74,74,74,88,65,76,68,74,68,72,12,68,32,100,32,74,50,140,0,0,0,8,8,8,8,8,8,8,8,8,8,8,8,11,8,8,8,8,8,69,8,8,8,8,8,8,8,8,0,8,0,0,0,0,0,0,0,0,0,0,0,8,0,0,0,0,0,0]} 1. d4 d5 2. c4 dxc4 3. Nf3 a6 4. g3 (4. e3 b5 5. a4 Bb7 6. axb5 axb5 7. Rxa8 Bxa8 8. b3 e6 9. bxc4 bxc4 10. Bxc4 Bd6 11. Ba3 Nf6 12. Qa4+ Nbd7 13. Bxd6 cxd6 14. Nbd2 O-O 15. Qa3 Qc7 16. O-O Bxf3 17. gxf3 {½-½ (146) Dreev,A (2670)-Li,C (2699) chess.com INT 2019}) 4... b5 5. Bg2 Bb7 6. a4 {D21: Queen's Gambit Accepted: 3 Nf3 sidelines} e6 7. O-O Nf6 8. Nc3 b4 9. Nb1 $1 {LiveBook: 5 Games} c5 10. Nbd2 cxd4 $146 ({Predecessor:} 10... c3 11. bxc3 bxc3 {0-1 (45) Morris,J (2096)-Atzmon Simon,B (2142) Parramatta 2008}) 11. Nxc4 Bc5 12. Bg5 O-O 13. Rc1 Nbd7 14. Nxd4 Bxg2 15. Kxg2 Rc8 16. Nb3 Be7 17. Qd3 Nc5 18. Nxc5 Rxc5 19. Qxd8 $1 Rxd8 20. Be3 Rcc8 21. Ne5 Nd5 22. Nc6 Re8 23. Bd2 Bf6 24. e4 ({Of course not} 24. Nxb4 Nxb4 25. Bxb4 Bxb2 $11) 24... Ne7 25. Nxb4 a5 26. Na6 Bxb2 27. Rxc8 $1 Rxc8 28. Rb1 Bc3 29. Bxc3 Rxc3 $14 {[%mdl 4096] Endgame KRN-KRN} 30. Rb5 Nc6 {[#]} (30... g6 $14) 31. Nb8 $1 $16 {[%cal Rb8c6]} h6 32. Nxc6 Rxc6 33. Rxa5 {KR-KR} g5 34. Kf3 Rc3+ 35. Ke2 Kg7 36. Ra7 Kg6 37. a5 Ra3 38. a6 h5 39. Kd2 (39. e5 $16) 39... h4 (39... Kf6 $11) 40. Kc2 hxg3 (40... Kf6 $14) 41. hxg3 (41. fxg3 $16 g4 42. e5) 41... Kf6 $14 42. Kb2 Ra5 {[#]} 43. Kb3 (43. f3 $1 $16) 43... g4 $1 $11 44. Kb4 Ra1 45. Kb5 Rb1+ 46. Kc6 Ra1 47. Kd6 {And now e5+ would win.} Rd1+ $1 48. Kc5 Ra1 49. Kd4 {e5+ is the strong threat.} Ra4+ 50. Ke3 Ra3+ $1 51. Kf4 Rf3+ $1 52. Kxg4 Rxf2 53. Rc7 {Black must now prevent a7.} Kg6 ({Black should play} 53... Ra2 $11) 54. e5 ({Better is} 54. Rc8 $14 Ra2 55. Ra8) 54... Ra2 $1 {The position is equal.} 55. a7 {Threatens to win with Re7.} Ra4+ 56. Kf3 {aiming for Re7.} f6 57. exf6 Kxf6 58. Ke3 {Hoping for g4.} e5 59. Kd3 e4+ 60. Kc3 Kf5 61. Re7 Kf6 62. Rb7 Kf5 63. Kb3 Ra1 64. Kc4 Kg4 65. Kd5 e3 66. Re7 e2 67. Rxe2 Rxa7 {Precision: White = 52%, Black = 68%.} 1/2-1/2